000 00581nam a2200205Ia 4500
003 OSt
005 20230511153321.0
008 210423s1989 xx 000 0 und d
040 _cAL
041 _aeng
082 _a910.3
_223
_bGOVK
100 _aGOVERNMENT OF KARNATAKA
_9103707
245 _aKarnataka state gazetteer: Bangalore rural district
260 _aBangalore
_bGovernment Of Karnataka
_c1989
300 _a1010
_bHB
365 _cINR
650 _aGeography
_9103708
906 _aBangalore ; ditrict. ; gazetlers. ; Karnataka ; rural ; state
942 _2ddc
_cBK
999 _c172081
_d172081